| 000 | 00614nam a2200241Ia 4500 | ||
|---|---|---|---|
| 001 | 841 | ||
| 005 | 20240113233432.0 | ||
| 007 | ta | ||
| 008 | 050125s1900 a g b000 u eng u | ||
| 020 | _cPB | ||
| 040 | _aRef.Stack | ||
| 041 | _aeng | ||
| 082 |
_a294.3 _bMu 912 Sa |
||
| 100 | _aMuller, F.Max . | ||
| 245 | 0 |
_aThe satapatha - Brahmana / _cF.Max Muller. _hTextual Documents |
|
| 260 |
_aDelhi : _bLow price publications , _c1900. |
||
| 300 |
_a580p. : _bill ; _c21cm . |
||
| 362 | _aVol.XLIV /Part V- | ||
| 653 | _aReligious - History | ||
| 942 |
_2ddc _cBK |
||
| 999 |
_c839 _d839 |
||